000 00624nam a2200241Ia 4500
003 OSt
005 20221007072151.0
006 a|||||r|||| 00| 0
007 ta
008 221006b |||||||| |||| 00| 0 eng d
020 _a0710004354
024 _a17,462
037 _cTextual
040 _aFLL
_cFLL
_beng
041 _2eng
_aeng
082 _aY:3, M0
100 _aClegg Stewart
_9127700
245 0 _aOrganization, class and control
260 _aLondon
_bRoutledge & Kegan Paul England
_c1980
300 _a614p
_ccm.
942 _hY:3, M0
_cTEXL
_2CC
999 _c1145358
_d1145358